[Event "DEM 1999"]
[Site "Altenkirchen"]
[Date "1999.11.15"]
[Round "4"]
[White "Mueller, Karsten"]
[Black "Krause, Ullrich"]
[Result "1-0"]
[WhiteElo "2533"]
[BlackElo "2263"]
[PlyCount "77"]

1. e4 e6 2. d4 d5 3. Nc3 Bb4 4. exd5 exd5 5. Bd3 Nc6 6. a3 Bxc3+ 7. bxc3 Nge7
8. Qh5 Be6 9. Nf3 Qd7 10. Ng5 O-O-O 11. O-O Bg4 12. Qxf7 h6 13. f3 Rdf8 14.
Qxg7 Bh5 15. Nh7 Rfg8 16. Qxh6 Bg6 17. Bxg6 Nxg6 18. Nf6 Qd6 19. Nxg8 Rxh6 20.
Nxh6 Qe7 21. Bd2 Nh4 22. g3 Qe2 23. Rf2 Nxf3+ 24. Kg2 Nh4+ 25. gxh4 Qe4+ 26.
Kg1 Qxc2 27. Re1 b6 28. Nf5 Qd3 29. Kg2 Kd7 30. h5 Qa6 31. h6 Qc8 32. Re3 Qh8
33. Rg3 Kc8 34. Rg7 Kb7 35. Bf4 Ka6 36. Rxc7 Na5 37. Be5 Qe8 38. h7 Qh5 39.
h8=Q 1-0